| 000 | 00959nam a2200265 i 4500 | ||
|---|---|---|---|
| 001 | 156516 | ||
| 003 | ES-MaACL | ||
| 005 | 20251005063123.0 | ||
| 008 | 991221s1882 fr |||| | fre d | ||
| 100 | 1 |
_aJurien de La Gravière, Edmond, _d1812-1892 _9164752 |
|
| 245 | 1 | 3 |
_aLa marine d'autrefois / _cpar Jurien de la Gravière. |
| 250 | _a2e éd. | ||
| 260 |
_aParis : _bE. Plon et Cie., _c1882. |
||
| 300 |
_a356 p. ; _c18 cm. |
||
| 490 | 1 | _aSouvenirs de la navigation a voiles | |
| 505 | 8 | _aContiene: La Sardaigne en 1842 ; Le protectorat français a Taiti ; Les grandes flottilles | |
| 596 | _aMarca tip. en port. | ||
| 650 | 4 |
_aMarina de guerra- _zFrancia. _9171498 |
|
| 651 | 4 |
_aCerdeña- _xHistoria- _y1708-1861. _9168796 |
|
| 651 | 4 |
_aTahití- _xHistoria. _9171636 |
|
| 752 |
_aFrancia - _dParís |
||
| 830 | 1 |
_aSouvenirs de la navigation a voiles _9221681 |
|
| 852 |
_aES-MaACL _jF-6773 _z- Enc. hol. |
||
| 999 |
_c156516 _d156516 |
||